000 00880nam a22002657a 4500
001 BR7406365
003 BR-BrBNA
005 20230928084637.0
007 ta
008 230509b bl.||||| |||| 00| 0 por d
040 _aBR-BrBNA
_bpor
_cBiblioteca Nacional de Agricultura
041 _a(Por)
072 _aE15
090 _ E15 BR7406365
110 1 _aCompanhia Agropecuaria de Fomento Economico do Parana, Curitiba (Brasil)
_92271
245 1 _aDiagnostico economico financeiro de Companhia Agropecuaria de Fomento Economico do Estado do Parana [Brasil]
260 3 _aCuritiba, PR (Brasil):
_c1974.
300 _a31 p.
500 _a(*) Documento disponível no(a) Biblioteca Estadual da Agricultura, Curitiba, PR (Brazil)
650 _aANALISE ECONOMICA
650 _aECONOMIA AGRICOLA
650 _aPARANA
909 _a202309
_bLucia
_c55
_dLucia Elande
942 _cBK
999 _c20247
_d20247